000 00270nam a2200097Ia 4500
001 1221314
005 20250827092827.0
008 250824s9999 xx 000 0 und d
245 0 _aDİNİ KONULARDA KENDİNİ KANDIRMANIN 40 YOLU
_cEMRE DORMAN
260 _bNESİL YAYINEVİ
999 _c1221314
_d1221314